|
|
|
|
| LEADER |
00000nam0a2200000 4500 |
| 001 |
70576 |
| 005 |
20231031081652.0 |
| 035 |
|
|
|a (RuTPU)RU\TPU\book\75138
|
| 090 |
|
|
|a 70576
|
| 100 |
|
|
|a 20041124d1975 m y0rusy50 ca
|
| 101 |
0 |
|
|a rus
|
| 102 |
|
|
|a RU
|
| 105 |
|
|
|a a j 001zy
|
| 200 |
1 |
|
|a Гидродинамическое подобие и расчет трубопроводов
|e курс лекций
|f Ю. Н. Соколов
|g Томский политехнический институт
|
| 210 |
|
|
|a Томск
|c Изд-во ТПИ
|d 1975
|
| 215 |
|
|
|a 90 с.
|c ил.
|
| 610 |
1 |
|
|a курс лекций
|
| 610 |
1 |
|
|a гидравлический расчет
|
| 610 |
1 |
|
|a трубопроводы
|
| 610 |
1 |
|
|a прочность
|
| 610 |
1 |
|
|a жесткость
|
| 610 |
1 |
|
|a устойчивость
|
| 610 |
1 |
|
|a курс лекций
|
| 675 |
|
|
|a 621.643.001.2(075.8)
|v 3
|
| 700 |
|
1 |
|a Соколов
|b Ю. Н.
|g Юрий Николаевич
|
| 712 |
0 |
2 |
|a Томский политехнический институт
|2 stltpush
|3 (RuTPU)RU\TPU\col\1123
|
| 801 |
|
1 |
|a RU
|b 63413507
|c 20041124
|g PSBO
|
| 801 |
|
2 |
|a RU
|b 63413507
|c 20220415
|g PSBO
|
| 942 |
|
|
|c BK
|